Označovanie potravín a ochrana spotrebiteľa diplomová práca

Na minha lista:
Detalhes bibliográficos
Autor principal: Kučová, Lenka
Autor Corporativo: Obchodná fakulta EU. Katedra tovaroznalectva a kvality tovaru
Outros Autores: Lacková, Alica
Formato: Livro
Idioma:eslovaco
Publicado em: Bratislava 2017
Tags: Adicionar Tag
Sem tags, seja o primeiro a adicionar uma tag!

MARC

LEADER 00000nbm a2200000 4500
001 0230749
005 20171005103820.7
041 0 |a slo 
044 |a SK 
245 1 0 |a Označovanie potravín a ochrana spotrebiteľa  |b diplomová práca  |c Lenka Kučová ; školiteľ: Alica Lacková 
264 1 |a Bratislava  |c 2017 
300 |a 62 s. 
100 1 |a Kučová, Lenka 
700 1 |a Lacková, Alica 
710 2 |a Obchodná fakulta EU. Katedra tovaroznalectva a kvality tovaru